DIAGNOSTICKÉ CENTRÁ ALEBO DIAGNOSTICKÉ SKUPINY?

Bibliographic Details
Main Author: Škoviera, Albín, 1949- (Author)
Format: Article
Language:Slovak

MARC

LEADER 00000nab a2200000uu 4500
001 vtls010901863
003 SK-MaSNL
005 20260303142440.0
008 230222|2006 xo |||||||||||||||||slo|
015 |a SNBRB 
035 |a (urnnbn)urn:nbn:sk:snk:ar-a07njl 
035 |a (uuid)1198d9f0-26c9-4cfd-9384-1e9c2110eba5 
035 |a urn:nbn:sk:snk-ab8t9a 
040 |a SNKBUCL  |b slo  |c SNKBUCL  |e AACR2 
041 0 |a slo 
044 |a xo  |c SK 
100 1 |a Škoviera, Albín,  |d 1949-  |4 aut  |9 209971 
245 1 0 |a DIAGNOSTICKÉ CENTRÁ ALEBO DIAGNOSTICKÉ SKUPINY?  |c Albín Škoviera 
773 0 |t Prevencia : informačný bulletin zameraný na prevenciu sociálno-patologických javov v rezorte školstva  |g Roč. 5, č. 3 (2006), s. 70-73 
954 |a odborná, vedecká literatúra pôvodná (slovenská)  |2 lita 
958 |a OND 
958 |a EUIPO 
958 |a article10 
999 |c 1982975  |d 1984905